Architecture Conceptual To The Manifest (Record no. 18494)

MARC details
000 -LEADER
fixed length control field 00446nam a2200169Ia 4500
008 - FIXED-LENGTH DATA ELEMENTS--GENERAL INFORMATION
fixed length control field 220803s9999 xx 000 0 und d
020 ## - INTERNATIONAL STANDARD BOOK NUMBER
International Standard Book Number 978-81-908528-1-4
041 ## - LANGUAGE CODE
Language code of text/sound track or separate title eng
082 ## - DEWEY DECIMAL CLASSIFICATION NUMBER
Classification number 720.9 JAI
100 ## - MAIN ENTRY--PERSONAL NAME
Personal name Jain K
9 (RLIN) 29554
245 ## - TITLE STATEMENT
Title Architecture Conceptual To The Manifest
260 ## - PUBLICATION, DISTRIBUTION, ETC. (IMPRINT)
Place of publication, distribution, etc. Ahmedabad
Name of publisher, distributor, etc. AADI Centre
Date of publication, distribution, etc. 2012
300 ## - PHYSICAL DESCRIPTION
Extent 191p
500 ## - GENERAL NOTE
Keywords Architecture
650 ## - SUBJECT ADDED ENTRY--TOPICAL TERM
Topical term or geographic name as entry element History Of Architecture
9 (RLIN) 29555
700 ## - ADDED ENTRY--PERSONAL NAME
Personal name Jain K
9 (RLIN) 29554
Holdings
Withdrawn status Lost status Damaged status Not for loan Home library Current library Shelving location Date acquired Vendor Total Checkouts Full call number Barcode Date last seen Bill Date Koha item type Original Barcode
        Dr. Bhanuben Nanavati College of Architecture Dr. Bhanuben Nanavati College of Architecture   30/01/2014 Dr. Anurag Kashyap   720.9 JAI BNCA-DB-1098 18/04/2023 03/08/2022 Donated Book DB001098